Quizzes
Events
Quiz Creation
Community
Videos
Private Events
Remove Ads
Sign In
Join for FREE
Feedback
Dark Mode
Quiz Categories
Sports
Geography
Music
Movies
Television
Just For Fun
Miscellaneous
History
Literature
Language
Science
Gaming
Entertainment
Religion
Holiday
For Kids
Quiz Lab
Recent
Popular Today
Quiz Kudos Today
Editor Picks
Curator Picks
Quizzes by...
Day
Popularity
Type
Ratings
Length
Year
Community
Subscriptions
Recent Discussions
Orange Saloon
Badges
Playlists
Quests
Create
Leaderboards
Showdown
Live 5
Trivia Bingo
Activity
Puzzle Library
Sporcle Events
Private Events
Virtual Trivia
Globe League
Become a Host
Pub Owners
SporcleCon
Opinionation
Our Games
Videos
Blog
Mobile Apps
Partnerships
Remove Ads and Go Orange
Feedback
Sports
Athletes
MLB
NBA
NHL
NFL
Soccer
Sports Teams
WWE
NCAA
Football
Premier League
Basketball
Baseball
Hockey
Golf
Tennis
Cricket
Rugby
Auto Racing
Olympics
World Cup
Sports
Athletes
MLB
NBA
NHL
NFL
Soccer
Sports Teams
WWE
NCAA
Football
Premier League
Basketball
Baseball
Hockey
Golf
Tennis
Cricket
Rugby
Auto Racing
Olympics
World Cup
Random Quiz
Search Sporcle
×
Quiz Lab
Quiz Lab
Sports
Football
Type in answers that appear in a list
Type in answers that appear in a list
Classic
Best Score? Go Orange.
Jets 2016 Opening Day Starters Stats
Can you name the Jets 2016 Opening Day Starters?
By
danieldbutler00
4m
26 Questions
115 Plays
115 Plays
115 Plays
Comments
Comments
Give Quiz Kudos
Give Quiz Kudos
-
- Ratings
hide this ad
Replay
Link that replays current quiz
Next Quiz
Link to next quiz in quiz playlist
You Got
0%
They Got
Avg Score
65%
Avg Friend Score
Upgrade to see
Score Distribution
Jump to the score distribution portion of the page
Score
0/26
Timer
04:00
0
Plays Today
Position
Player
% Correct
QB
Ryan Fitzpatrick
100%
WR1
Brandon Marshall
98.3%
WR2
Eric Decker
95.7%
KR/
PR
Jalin Marshall
93.9%
RB
Matt Forte
92.2%
C
Nick Mangold
87%
CB1
Darrelle Revis
85.2%
WR3
Quincy Enunwa
83.5%
LDE
Muhammad Wilkerson
81.7%
RDE
Sheldon Richardson
78.3%
K
Nick Folk
77.4%
RILB
David Harris
74.8%
SS
Calvin Pryor
73.9%
Position
Player
% Correct
RG
Brian Winters
61.7%
FS
Marcus Gilchrist
60.9%
CB2
Buster Skrine
56.5%
TE
Kellen Davis
55.7%
LG
James Carpenter
55.7%
LT
Ryan Clady
48.7%
P
Lachlan Edwards
47%
ROLB
Jordan Jenkins
44.3%
NT
Steve McLendon
43.5%
LOLB
Lorenzo Mauldin
33.9%
LILB
Erin Henderson
27.8%
RT
Ben Ijalana
25.2%
FB
Julian Howsare
13.9%
Quiz Playlist
Details
Report
Send in Message
Add To Playlist
Classic:
Type in answers that appear in a list
Last Updated: Feb 16, 2017
Quiz Scoreboard
CHALLENGE
Sign Up to Join the Scoreboard
Show All
Scores
Hide
Comments
May contain spoilers
Recently Published
One Thing in Common: World Cities II
by knightlancer
Geography
7m
Popular People in 1961
by mucciniale
History
6m
1-10 Letter E Words III
by El_Dandy
Language
2m
More to Explore
Quiz From the Vault
Featured Blog Post
Where Did the Easter Bunny Come From?
hide this ad
You Might Also Like...
Tags
Football Quiz
NFL Quiz
Fantasy Football
Football League
Football Team
marshall
New York Jets
NFL Player
Today's Top Quizzes in Sports
Browse Sports
hide this ad
Today's Top Quizzes in Football
Browse Football
Top Contributed Quizzes in Sports
1
Les meilleurs buteurs des matchs entre le PSG et l’OM
2
Les entraîneurs de l'OM et du PSG au 21e siècle
3
FIFA Club World Cup Champions
4
2022 World Cup Stars
5
Name the Premier League winners with different clubs
6
La finale Lions - Afrique du Sud 2021
7
Criteria MLB: Left Handed Sluggers
8
Players with Multiple 50 Home Run Seasons
9
MLB Players with Two .350 Batting Average Seasons
10
MLB Hall of Famer by Rings
Explore More
Trending Topics
Marvel
Anime
Kpop
Crossword
Harry Potter
Disney
NBA
Country
NFL
WWE
Song
Puzzle
Soccer
Pokémon
The Office
hide this ad
More By:
danieldbutler00
Quiz
Plays
Rating
Category
Featured
Created
NFL 1st Team All-Pro Wide Receivers Since 2000
611
4.80
Sports
Jan 20, 2017
2016 Top 25 NFL Rushing Leaders RB
305
5.00
Sports
Jan 17, 2017
NFL Teams to have NEVER won a Super Bowl
292
4.29
Sports
Jan 18, 2017
Browns QBs Since 2009
131
5.00
Sports
Jan 16, 2017
Jets 2016 Opening Day Starters
115
5.00
Sports
Jan 16, 2017
Go to Creator's Profile
Score Distribution
Quiz Creator Spotlight
danieldbutler00
Follow
Send a Message
Quizzes Created
-
Created Quiz Play Count
-
More By This Creator
Popular Quizzes Today
1
Find the US States - No Outlines Minefield
2
Find the Countries of Europe - No Outlines Minefield
3
The Countries of the World
4
Popular People in 1961
5
1-10 Letter E Words III
6
Find the US States
7
One Thing in Common: World Cities II
8
US States
More Sports Quizzes
Find the Golf Hall of Fame Inductees
Published
Trending Quizzes
Risky Map Clicking: Least Populous States A-Z
1-10 Letter F Words
1-10 Letter G Words
One Thing in Common: United Kingdom
Risky Map Clicking: Biggest States A-Z
Recently Updated
Leaping Animals
pecheneg
Reality TV Shows (A-Z)
bhenderson79
Rickey Henderson's Hall of Fame Teammates
pecheneg
Champions League XIs: Arsenal
pecheneg
Quick Pick: Celebrities in WWE's Hall of Fame
aduchscher
A-Z Keypad Blitz II
pecheneg
Multiple Oscar Actors
pecheneg
Mystery Phrase Blitz: Oscar 'Best Actors'
pecheneg
F. Scott Fitzgerald Novels
LTH
Pick 3 Villains
ddd62291
Trending Topics
Kpop
Anime
Disney
NBA
Harry Potter
Marvel
Crossword
Country
The Office
Puzzle
Soccer
Pokémon
WWE
NFL
Song
Your Account Isn't Verified!
In order to create a playlist on Sporcle, you need to verify the email address you used during registration. Go to your
Sporcle Settings
to finish the process.
Report this User
Report this user for behavior that violates our
Community Guidelines
.
Details:
Send Report
Go to the Sporcle.com Mobile Site →
Comments